Statistics for Middle East Capital Cities Quiz

Click here to take the quiz!

General Stats

  • This quiz has been taken 25,552 times
  • The average score is 13 of 16

Answer Stats

Country Capital % Correct
EgyptCairo
98%
Israel / Palestinian
Territories
Jerusalem
95%
IranTehran
94%
IraqBaghdad
94%
TurkeyAnkara
93%
KuwaitKuwait City
90%
SyriaDamascus
89%
United Arab EmiratesAbu Dhabi
87%
Saudi ArabiaRiyadh
86%
LebanonBeirut
84%
JordanAmman
77%
CyprusNicosia
76%
QatarDoha
76%
OmanMuscat
68%
YemenSana'a
67%
BahrainManama
55%

Score Distribution

Percentile by Number Answered

Percent of People with Each Score

Your Score History

You have not taken this quiz